Tafsir-e Haqqani, Vol.-7 & 8 : / تفسير حقانی (Record no. 26696)
[ view plain ]
| 000 -LEADER | |
|---|---|
| fixed length control field | 00515nam a22001817a 4500 |
| 003 - CONTROL NUMBER IDENTIFIER | |
| control field | BDDh-ASL |
| 005 - DATE AND TIME OF LATEST TRANSACTION | |
| control field | 20231015030655.0 |
| 008 - FIXED-LENGTH DATA ELEMENTS--GENERAL INFORMATION | |
| fixed length control field | 211015s1935 ii ||||| |||| 00| 0 u d |
| 040 ## - CATALOGING SOURCE | |
| Original cataloging agency | BDDh-ASL |
| Transcribing agency | BDDh-ASL |
| 082 ## - DEWEY DECIMAL CLASSIFICATION NUMBER | |
| Classification number | 297.122 |
| Item number | HAT |
| 100 1# - MAIN ENTRY--PERSONAL NAME | |
| 9 (RLIN) | 5117 |
| Personal name | Haqqani, Abdul Haq |
| 245 10 - TITLE STATEMENT | |
| Title | Tafsir-e Haqqani, Vol.-7 & 8 : / تفسير حقانی |
| 260 ## - PUBLICATION, DISTRIBUTION, ETC. | |
| Place of publication, distribution, etc. | Delhi : |
| Name of publisher, distributor, etc. | Darul Ishaat , |
| Date of publication, distribution, etc. | 1357 H. / 1935. |
| 300 ## - PHYSICAL DESCRIPTION | |
| Extent | 625 p. : |
| Dimensions | 27 cm. |
| 650 #0 - SUBJECT ADDED ENTRY--TOPICAL TERM | |
| 9 (RLIN) | 1854 |
| Topical term or geographic name entry element | Quran |
| 650 #0 - SUBJECT ADDED ENTRY--TOPICAL TERM | |
| 9 (RLIN) | 5118 |
| Topical term or geographic name entry element | Exegesis |
| 942 ## - ADDED ENTRY ELEMENTS (KOHA) | |
| Source of classification or shelving scheme | Dewey Decimal Classification |
| Koha item type | Books |
| Withdrawn status | Lost status | Source of classification or shelving scheme | Damaged status | Not for loan | Collection code | Home library | Current library | Shelving location | Date acquired | Source of acquisition | Serial Enumeration / chronology | Total Checkouts | Full call number | Barcode | Date last seen | Copy number | Price effective from | Koha item type |
|---|---|---|---|---|---|---|---|---|---|---|---|---|---|---|---|---|---|---|
| Dewey Decimal Classification | Non-fiction | Asiatic Society Library | Asiatic Society Library | General Stacks | 10/15/2021 | ASB Library Collection | U-0346 | 297.122 HAT | 112735 | 10/15/2021 | C-1 | 10/15/2021 | Books |